| 000 | 01692nam a2200337 ia4500 | ||
|---|---|---|---|
| 003 | OSt | ||
| 005 | 20260504163436.0 | ||
| 008 | 250114s2025 enka crb 000 1 eng d | ||
| 020 |
_a9780192788351 _cRM 58.50 _qpaperback |
||
| 040 |
_aPPAK _beng _cPPAK _erda |
||
| 082 | 0 | 4 |
_223 _a823.92 |
| 090 | 0 | 0 |
_a823.92 _bRED _dK |
| 100 | 1 |
_aReddy, Swapna, _eauthor. |
|
| 245 | 1 | 0 |
_aROBBERY AT THE MASQUED BALL / _cSwapna Reddy ; Becka Moor. |
| 264 | 1 |
_aOxford : _bOxford University Press, _c2025 |
|
| 300 |
_a122 pages : _bcolour illustrations ; _c19 cm |
||
| 336 |
_atext _2rdacontent |
||
| 337 |
_aunmediated _2rdamedia |
||
| 338 |
_avolume _2rdacarrier |
||
| 490 | 1 | _aREGGIE RABBIT | |
| 500 | _aSome illustrations in graphic novel format. | ||
| 520 | _aIt's time for the grandest event in Bearburgh: the Masque family's Masqued Ball! And this year it's even more exciting because famous pop star Kitty Qita is going to perform! Young detectives Reggie Rabbit and Pipsquark are there - as waiters for Auntie Hibiscus's catering company. But not everything goes to plan. In the middle of Kitty Qita's big act, the lights go out, and the guests' jewels are stolen. It's a tough case, but Reggie and Pipsquark are on it! Does the answer lie in the mean streets of Dog Lane as the clues suggest? Or is there more to this mystery than meets the eye? | ||
| 650 | 1 | 0 |
_aRabbits _vJuvenile fiction |
| 650 | 2 | 0 |
_aDetectives _vJuvenile fiction |
| 650 | 2 | 0 |
_aJewelry theft _vJuvenile fiction |
| 650 | 2 | 0 |
_aBalls (Parties) _vJuvenile fiction |
| 655 | 7 | _aDetective and mystery fiction. | |
| 700 | 1 |
_aMoor, Becka, _eillustrator. |
|
| 830 | 0 | _aReggie Rabbit | |
| 942 |
_2ddc _cB |
||
| 999 |
_c204088 _d204088 |
||